| 000 | 00943nam a2200313Ia 4500 | ||
|---|---|---|---|
| 003 | OSt | ||
| 005 | 20221006153351.0 | ||
| 006 | a|||||r|||| 00| 0 | ||
| 007 | ta | ||
| 008 | 221006b |||||||| |||| 00| 0 eng d | ||
| 020 |
_a8973753010 _c _45.99 |
||
| 024 | _a32,126 | ||
| 037 |
_bGift, Korean Embassy _cTextual |
||
| 040 |
_aEASL _cEASL _beng |
||
| 041 |
_2eng _aeng |
||
| 082 | _aY495:1v, N4 | ||
| 100 |
_aWright Chris _9280212 |
||
| 245 | 0 |
_aKorea _b Its history and culture |
|
| 260 |
_aSeoul _bKorean Overseas Information Service Korea _c1994 |
||
| 300 |
_a49p. _ccm. |
||
| 490 | _v KEL | ||
| 650 | _a KEL | ||
| 650 |
_a Korea - Arts and Crafts _9663569 |
||
| 650 |
_a Korea - Language and literature _9663570 |
||
| 650 |
_a Korea - Philosophy and religion _9663571 |
||
| 650 |
_aKorea - Sociology _9663572 |
||
| 942 |
_hY495:1v, N4 _cTEXL _2CC |
||
| 999 |
_c1100212 _d1100212 |
||